000 00616nam a2200229Ia 4500
003 OSt
005 20220926042919.0
006 a|||||r|||| 00| 0
007 ta
008 220923b |||||||| |||| 00| 0 eng d
037 _cGeneral Book
040 _aRTL
_cRTL
_beng
041 _2eng
_aeng
082 _aD6,9(B), K4
100 _aHarris D J
_9346946
245 0 _aAnalogue and digital computer mathods
260 _c1964
490 _aTemple press monograpsh on Rockets and Missiles
650 _aComputer Science
942 _hD6,9(B), K4
_cGB
_2CC
999 _c670916
_d670916